000 00293nam a22001337a 4500
082 _a823
_bMAG/E
100 _aMAGDELEN, NABB
245 _aTHE ENCHANTED HORSE
246 _aTHE ENCHANTED HORSE
_bTHE ENCHANTED HORSE
260 _c1995
300 _a93
650 _aENGLISH STORY
942 _cBK
999 _c8706
_d8706